Κατάλογος Βιβλιοθηκών Mediterranean College

Ευρωπαϊκές Κατασκευές από Οπλισμένο Σκυρόδεμα / Παραδείγματα Σχεδιασμού με τον Ευρωκώδικα 2: Δομικά Υλικά - Αρχές - Σιαστασιολόγηση Ραβδωτών Φορέων (Record no. 5127)

MARC details
000 -LEADER
fixed length control field 02207cam a22001934a 4500
005 - ΗΜΕΡΟΜΗΝΙΑ ΚΑΙ ΩΡΑ ΤΕΛΕΥΤΑΙΑΣ ΕΝΗΜΕΡΩΣΗΣ
Πεδίο ελέγχου 20250605164205.0
008 - FIXED-LENGTH DATA ELEMENTS--GENERAL INFORMATION
Πεδίο ελέγχου σταθερού μήκους 250528s ||||||||||||||||||||||||d
035 ## - SYSTEM CONTROL NUMBER
System control number 19884
020 ## - ISBN
ISBN 9605120801
040 ## - ΠΗΓΗ ΚΑΤΑΛΟΓΟΓΡΑΦΗΣΗΣ
Φορέας πρωτότυπης καταλογογράφησης MC Athens Campus Library
Γλώσσα καταλογογράφησης Ελληνικά, Μοντέρνα (1453-)
Modifying agency MC Athens Campus Library
Κανόνες περιγραφικής καταλογογράφησης AACR2
245 1# - ΤΙΤΛΟΣ ΚΑΙ ΔΗΛΩΣΗ ΥΠΕΥΘΥΝΟΤΗΤΑΣ
Τίτλος Ευρωπαϊκές Κατασκευές από Οπλισμένο Σκυρόδεμα / Παραδείγματα Σχεδιασμού με τον Ευρωκώδικα 2: Δομικά Υλικά - Αρχές - Σιαστασιολόγηση Ραβδωτών Φορέων
260 ## - PUBLICATION, DISTRIBUTION, ETC.
Name of publisher, distributor, etc. Μ. Γκιούρδας,
Date of publication, distribution, etc. 1993
300 ## - PHYSICAL DESCRIPTION
Extent 316
520 ## - SUMMARY, ETC.
Summary, etc. Το βιβλίο απευθύνεται σε όσους ασχολούνται ή πρόκειται να ασχοληθούν με το σχεδιασμό του φέροντα οργανισμού των κατασκευών (Πολιτικούς Μηχανικούς, Αρχιτέκτονες και σπουδαστές των αντίστοιχων κλάδων) και φιλοδοξεί να αποτελέσει ένα πολύτιμο βοήθημα στην καθημερινή τους πράξη. Γενικά, Δομικά Υλικά, Επικάλυψη με Συρόδεμα, Υπολογισμός των Εντατικών Μεγεθών, Αρχές της Διαστασιολόγησης, Διαστασιολόγηση σε Κάμψη, Περιορισμός του Εύρους Ρωγμών, Περιορισμός του Βέλους Κάμψης, Διαστασιολόγηση για Τέμνουσες Δυνάμεις, Διαστασιολόγηση για Ροπές Στρέψης, Κάλυψη Εφελκυστικών Δυνάμεων, Οπλισμός με Ραβδοχάλυβα Σκυροδέματος, Περιορισμός των Τάσεων υπό Συνθήκες Λειτουργίας, Θλιβόμενα Μέλη χωρίς Κίνδυνο Λυγισμού, Ευστάθεια Δομικών Στοιχείων από Οπλισμένο Σκυρόδεμα, Πλαισιακοί Φορείς, Βιβλιογραφία, Συμβολισμοί, Ευρετήριο.
700 1# - ΠΡΟΣΘΕΤΗ ΑΝΑΓΡΑΦΗ--ΦΥΣΙΚΟ ΠΡΟΣΩΠΟ
Personal name Avak Ralf
9 (RLIN) 6035
942 ## - ADDED ENTRY ELEMENTS (KOHA)
Koha item type Books
Holdings
Τύπος τεκμηρίου Βιβλιοθήκη Τρέχουσα τοποθεσία Barcode Αριθμός εισαγωγής Ημερομηνία απόκτησης Ταξιθετικό σύμβολο Αριθμός αντιτύπου Κατάσταση απόσυρσης Κατάσταση χαμένου Κατάσταση κατεστραμμένου Μη δανεισμός Σύνολο δανεισμών Ημερομηνία τελευταίας εμφάνισης Η τιμή ισχύει από
Books MC Athens Campus Library MC Athens Campus Library 9780000051264 6044 05/06/2025 624.18341 AVA 1           05/06/2025 05/06/2025

MC Athens Campus Library
Πατησίων 94 & Κοδριγκτώνος 13, 104 34
Πελλήνης 8 & Πατησίων 107, 112 51
Τ: +30 210 8899600

MC Thessaloniki Campus Library
Ίωνος Δραγούμη 21, 54625 | Ίωνος Δραγούμη 15, 54625
Τ: +30 2310 287779 – Τ: +30 2314 440300